Five Most Populous Cities in Each Province in Canada - Statistics

General Stats
  • This quiz has been taken 28 times
  • The average score is 25 of 50
Answer Stats
Population City % Correct
1,481,466 Calgary
100%
1,874,560 Montreal
100%
578,593 Quebec
100%
295,204 Saskatoon
100%
732,581 Vancouver
100%
815,599 Winnipeg
100%
1,128,811 Edmonton
95%
491,921 Halifax
95%
245,640 Regina
95%
3,110,984 Toronto
95%
1,114,316 Ottawa
90%
75,015 Saint John
85%
121,472 St. John's
85%
44,778 Charlottetown
80%
615,244 Hamilton
80%
451,986 Laval
75%
756,453 Mississauga
75%
109,234 Red Deer
75%
653,039 Surrey
75%
69,406 Fredericton
65%
35,554 Moose Jaw
60%
283,593 Burnaby
55%
107,225 Lethbridge
55%
91,085 Moncton
55%
744,041 Brampton
50%
55,858 Brandon
50%
298,740 Gatineau
50%
235,093 Richmond
45%
39,068 Prince Albert
40%
262,604 Longueuil
35%
104,801 Cape Breton
30%
20,046 Corner Brook
30%
17,737 Summerside
20%
13,738 Truro
20%
187,733 Langley
15%
14,545 Portage la Prairie
15%
17,573 Swift Current
15%
10,160 New Glasgow
10%
20,229 Steinbach
10%
14,692 Winkler
10%
7,495 Cornwall
5%
32,177 Dieppe
5%
23,532 Mount Pearl
5%
21,712 Riverview
5%
8,925 Three Rivers
5%
9,781 Amherst
0%
28,912 Conception Bay South
0%
25,097 Paradise
0%
12,481 Stratford
0%
104,243 Strathcona County
0%
No matching quizzes found
Score Distribution
Percent of People with Each Score
Percentile by Number Answered
Your Score History
You have not taken this quiz